000
00250nam a2200109Ia 4500
008
190216s9999||||xx |||||||||||||| ||und||
100
_a
Mishra K B
245
0
_a
Hindi-Hindi Pathrakaritha
260
_b
Bharathy Bandar
650
_a
Hindi
942
_c
BK
999
_c
15478
_d
15478